Score 0/24 Timer 04:00
0 Plays Today
% Correct
Chicago Bulls (NBA)
99.5%
New York Yankees (MLB)
96.9%
Dallas Cowboys (NFL)
95.3%
Green Bay Packers (NFL)
93.2%
San Francisco 49ers (NFL)
92.4%
St. Louis Cardinals (MLB)
92.1%
Baltimore Ravens (NFL)
90.1%
New Orleans Saints (NFL)
89%
New York Giants (NFL)
88.2%
Chicago Bears (NFL)
87.8%
Atlanta Falcons (NFL)
87.6%
Boston Red Sox (MLB)
87.3%
% Correct
Los Angeles Chargers (NFL)
87.2%
Phoenix Suns (NBA)
86.4%
Oakland Athletics (MLB)
84.6%
San Jose Sharks (NHL)
82.9%
Chicago Blackhawks (NHL)
81.3%
Arizona Coyotes (NHL)
76.6%
St. Louis Blues (NHL)
74.9%
Texas Rangers (MLB)
73.5%
Carolina Hurricanes (NHL)
73.2%
Minnesota Wild (NHL)
66.6%
Columbus Blue Jackets (NHL)
52.7%
Washington Capitals (NHL)
47.5%
Remove Ads.
Support Sporcle.
Get the best of Sporcle when you Go Orange. This ad-free experience offers more features, more stats, and more fun while also helping to support Sporcle. Thank you for becoming a member.

You're not logged in!

Compare scores with friends on all Sporcle quizzes.
OR
Log In

Show Comments

Extras

Top Quizzes Today


Score Distribution

Your Account Isn't Verified!

In order to create a playlist on Sporcle, you need to verify the email address you used during registration. Go to your Sporcle Settings to finish the process.

Report this User

Report this user for behavior that violates our Community Guidelines.

Details: